Historia de la democracia cristiana, de Lamennais a Georges Bidault / (Record no. 78644)

MARC details
000 -LEADER
campo de control de longitud fija 00571nam a2200157 i 4500
001 - NÚMERO DE CONTROL
campo de control 78644
003 - IDENTIFICADOR DE NÚMERO DE CONTROL
campo de control ES-MaACL
007 - CAMPO FIJO DE DESCRIPCIÓN FÍSICA--INFORMACIÓN GENERAL
campo de control de longitud fija t|
008 - DATOS DE LONGITUD FIJA--INFORMACIÓN GENERAL
campo de control de longitud fija 041015s1950 sp ||||1| spa d
100 1# - ENTRADA PRINCIPAL--NOMBRE DE PERSONA
Nombre de persona Havard de la Montagne, Robert.
9 (RLIN) 62142
245 10 - MENCIÓN DEL TÍTULO
Título Historia de la democracia cristiana, de Lamennais a Georges Bidault /
Mención de responsabilidad, etc. Robert Havard de la Montagne ; traducción y notas de J.J. Peña Ibañez.
260 ## - PUBLICACIÓN, DISTRIBUCIÓN, ETC.
Lugar de publicación, distribución, etc. Madrid :
Nombre del editor, distribuidor, etc. Editorial Tradicionalista,
Fecha de publicación, distribución, etc. 1950 (
Fabricante Espejo)
300 ## - DESCRIPCIÓN FÍSICA
Extensión 402 p. ;
Dimensiones 22 cm.
700 1# - ENTRADA AGREGADA--NOMBRE PERSONAL
Nombre de persona Peña Ibañez, J. J.
9 (RLIN) 90264
852 ## - LOCALIZACIÓN
Ubicación ES-MaACL
Número de control de estantería C-8384
Sublocalización o colección R.36433
Holdings
Estatus retirado Estado de pérdida Estado de daño No para préstamo Biblioteca de origen Biblioteca actual Ubicación en estantería Fecha de adquisición Fuente de adquisición Total de préstamos Signatura topográfica completa Código de barras Visto por última vez Precio de reemplazo Tipo de ítem Koha
        Biblioteca del Ateneo de Madrid Biblioteca del Ateneo de Madrid Sala Palomar 17/01/2008     C-8384 1082255 23/02/2023 23/02/2023 Libro impreso